Which Place in Scotland ? - Statistics

General Stats
  • This quiz has been taken 94 times
  • The average score is 9 of 15
Answer Stats
Clue Begins with Placename % Correct
Many of this city's buildings are made from Granite A Aberdeen
99%
Capital city known as "Auld Reekie" E Edinburgh
99%
Largest city, home to "The Old Firm" G Glasgow
99%
Often known as the "Gateway to the Highlands" P Perth
92%
English couples are known to elope to here to get married G Gretna Green
70%
Pan Am Flight 103 crashed near this town in 1988 L Lockerbie
67%
The childrens TV show "Balamory" was filmed here T Tobermory
63%
One of Canada's National Parks is named after this small town B Banff
60%
Robert "Rabbie" Burns was born in Alloway, now a suburb of this town A Ayr
58%
The most Northerly town in Scotland L Lerwick
54%
Traditional home to cashmere fabric H Hawick
32%
This village southeast of Glasgow is a UNESCO World Heritage Site N New Lanark
32%
The Westernmost place in Scotland and the UK (uninhabited "island") R Rockall
27%
Village at the End of the Road ? J John o' Groats
26%
Said by locals to be Scotland's first planned village. H Halkirk
7%
No matching quizzes found
Score Distribution
Percent of People with Each Score
Percentile by Number Answered
Your Score History
You have not taken this quiz